000 00603nam a2200181 i 4500
001 49131
003 ES-MaACL
005 20230906161907.0
007 t|
008 030708s1970 sp ||||1| spa d
100 1 _aCorrell, Werner.
_940782
245 1 0 _aIntroducción a la psicología pedagógica /
_cWerner Correll ; [versión de Ismael Antich y revisión de Francisco Fernández Turienzo].
260 _aBarcelona :
_bHerder,
_c1970.
300 _a326 p. ;
_c22 cm.
700 1 _aAntich, Ismael.
_921892
700 1 _aFernández Turienzo, Francisco.
_950128
852 _aES-MaACL
_jC-45070
_bR.74006
999 _c49131
_d49131